000 00905nam2a2200265 4500
001 RU\NLR\BIBL_A\022304113
005 20250625191921.0
035 _a(NLR Aleph) 022304113
090 _a13324295
_c13324295
100 _a20240821d1937 |||y0rusy50 ca
101 0 _abua
102 _aRU
105 _ac z 000 y
181 0 _ai
_baxxe
182 0 _an
200 1 _aБулак
_e№1 (9 )январь-февраль 1937
203 _aТекст
_bвизуальный
_cнепосредственный
210 _d1937
_aБ. м.
215 _a27, [2] с.
461 0 _1001RU\NLR\BIBL_A\022304052
_12001#$aБулак$fред.: Ж. Балданжабон$vт.9
_1700#1$aБалданжабон$bЖ. Б.$f1909-1967$gЖамьян Балданович$4340$3RU\NLR\AUTH\770254915
686 1 _aШ6(2=Бур)7-я44
852 _aNLR
_bОНЛ
_jБур./1-139/9
942 _cBOOK
980 _aNB